Risky business (Record no. 85117)

MARC details
000 -LEADER
fixed length control field 00878cab a22002295a 4500
001 - CONTROL NUMBER
control field L160001
008 - FIXED-LENGTH DATA ELEMENTS--GENERAL INFORMATION
fixed length control field 150113e2016 xxk 000 0 eng d
035 ## - SYSTEM CONTROL NUMBER
System control number (Sirsi) u160001
041 0# - LANGUAGE CODE
Language code of text/sound track or separate title eng
050 ## - LIBRARY OF CONGRESS CALL NUMBER
Classification number 690.22
100 1# - MAIN ENTRY--PERSONAL NAME
Personal name Blackman, Gary
245 00 - TITLE STATEMENT
Title Risky business
Medium [electronic resource]
260 ## - PUBLICATION, DISTRIBUTION, ETC.
Place of publication, distribution, etc. London
Name of publisher, distributor, etc. RICS
Date of publication, distribution, etc. 2016
490 ## - SERIES STATEMENT
Series statement RICS Building Surveying Journal
Volume/sequential designation July 2016 - August 2016, 13(1)
520 ## - SUMMARY, ETC.
Summary, etc. In the first of three articles assessing site risks, it considers pre-visit issues.
650 24 - SUBJECT ADDED ENTRY--TOPICAL TERM
Topical term or geographic name entry element RISK ASSESSMENT
651 #4 - SUBJECT ADDED ENTRY--GEOGRAPHIC NAME
Geographic name United Kingdom
Chronological subdivision
690 ## - LOCAL SUBJECT ADDED ENTRY--TOPICAL TERM (OCLC, RLIN)
Topical term or geographic name as entry element Health and safety
9 (RLIN) 6244
856 40 - ELECTRONIC LOCATION AND ACCESS
Uniform Resource Identifier <a href="https://www.rics.org/Global/BSJ%20BCJ%20July%20August%202016.pdf">https://www.rics.org/Global/BSJ%20BCJ%20July%20August%202016.pdf</a>
Public note View the article free of charge at www.rics.org...
856 40 - ELECTRONIC LOCATION AND ACCESS
Uniform Resource Identifier <a href="https://www.rics.org/Global/BSJ%20BCJ%20July%20August%202016.pdf">https://www.rics.org/Global/BSJ%20BCJ%20July%20August%202016.pdf</a>
Link text Available free online via Issuu
942 ## - ADDED ENTRY ELEMENTS (KOHA)
Suppress in OPAC 0
Source of classification or shelving scheme Dewey Decimal Classification
Holdings
Withdrawn status Lost status Source of classification or shelving scheme Damaged status Not for loan Home library Current library Shelving location Date acquired Total Checkouts Full call number Barcode Date last seen Copy number Price effective from Koha item type
    Dewey Decimal Classification     London London Journal article 16/04/2018   L160001 160001-1001 06/08/2019 1 06/08/2019 Journal article